Regional state aid and competition policy in the European Union
Αποθηκεύτηκε σε:
| Κύριος συγγραφέας: | |
|---|---|
| Μορφή: | Βιβλίο |
| Γλώσσα: | English |
| Δημοσίευση: |
The Hague :
Kluwer Law International,
2003
|
| Σειρά: | European monographs ;
; 43 |
| Θέματα: | |
| Ετικέτες: |
Προσθήκη ετικέτας
Δεν υπάρχουν, Καταχωρήστε ετικέτα πρώτοι!
|
MARC
| LEADER | 00000nam a2200000 i 4500 | ||
|---|---|---|---|
| 001 | 1/73709 | ||
| 008 | 080207s2003 eng d | ||
| 020 | |a 90-411-1975-2 | ||
| 035 | |l 10094453 | ||
| 040 | |a GR-MY-UA |b gre |e aacr | ||
| 041 | 0 | |a eng | |
| 082 | 0 | |a 338.48094 |2 (22) | |
| 100 | 1 | |a Wishlade, Fiona G. | |
| 245 | 1 | 0 | |a Regional state aid and competition policy in the European Union / |c Fiona G. Wishlade |
| 260 | |a The Hague : |b Kluwer Law International, |c 2003 | ||
| 300 | |a xii, 279 σ. ; |b πίν. ; |c 25 εκ. | ||
| 490 | 1 | |a European monographs |v ; 43 | |
| 504 | |a Ευρετήριο: σ. [277]-279 | ||
| 504 | |a Περιέχει βιβλιογραφικές αναφορές | ||
| 650 | 0 | 0 | |a Competition |x Government policy |z European Union countries. |
| 650 | 0 | 0 | |a Regional planning |z European Union countries. |
| 830 | 0 | |a European monographs ; |v ; 43 | |
| 852 | |a INST |b LESVOS |e 20080207 |h 338.48094 WIS |p 005100040705 |q 005100040705 |t BK |y 0 | ||
| 901 | |a BIBL1-2008-1 | ||
| 909 | |a Λ |b 144672 | ||
| 922 | |a 1ΕΛΗ |b 200801 |c ΕΠΕΑΕΚ2/ΤΚ |d ΠΑΠΑΣΩΤΗΡΙΟΥ | ||
| 970 | |a ΧΑΤΖΗΜΙΧΑΗΛ |b ΜΑΡΙΑ |z 2008/02/07 | ||